[Event "AUT-ch U12"]
[Site "St Veit"]
[Date "2019.06.11"]
[Round "7.3"]
[White "Kuti, Oliver"]
[Black "Georgiev, Daniel"]
[Result "0-1"]
[WhiteElo "1696"]
[BlackElo "1637"]
[PlyCount "76"]
[EventDate "2019.06.08"]
[EventType "swiss"]
[EventRounds "7"]
[EventCountry "AUT"]
[SourceTitle "EXT 2024"]
[Source "ChessBase"]
[SourceDate "2023.10.10"]
[SourceVersion "1"]
[SourceVersionDate "2023.10.10"]
[SourceQuality "1"]

1. e4 c5 2. c3 d5 3. e5 Nc6 4. d4 cxd4 5. cxd4 Bf5 6. Nf3 e6 7. Nc3 Bb4 8. a3 Ba5 9. Be2 Nge7 10. b4 Bb6 11. Nb5 0-0 12. 0-0 Bg4 13. Be3 Nf5 14. Bd3 Ncxd4 15. Nbxd4 Nxd4 16. Bxd4 Bxf3 17. Qxf3 Bxd4 18. Bxh7+ Kxh7 19. Qd3+ Kg8 20. Qxd4 Qb6 21. Qg4 Rac8 22. Rac1 Rc6 23. g3 Rfc8 24. Qf4 Rc4 25. Qd2 Qc6 26. Rcd1 Rc3 27. Qb2 Qa4 28. Rc1 Rc2 29. Qa1 R8c4 30. Rfd1 Rxc1 31. Rxc1 Qc6 32. Rxc4 dxc4 33. Qd4 Qc8 34. Qxa7 c3 35. Qe3 c2 36. Qc1 Qc4 37. Kg2 Qd5+ 38. Kh3 Qd1 0-1

[Event "AUT-ch U12"]
[Site "St Veit"]
[Date "2019.06.10"]
[Round "6.6"]
[White "Georgiev, Daniel"]
[Black "Guba, Viktor"]
[Result "1-0"]
[WhiteElo "1637"]
[BlackElo "1221"]
[PlyCount "117"]
[EventDate "2019.06.08"]
[EventType "swiss"]
[EventRounds "7"]
[EventCountry "AUT"]
[SourceTitle "EXT 2024"]
[Source "ChessBase"]
[SourceDate "2023.10.10"]
[SourceVersion "1"]
[SourceVersionDate "2023.10.10"]
[SourceQuality "1"]

1. e4 e5 2. Nf3 Nc6 3. Bc4 Nf6 4. d3 Bc5 5. c3 d6 6. 0-0 h6 7. h3 0-0 8. Bb3 Be6 9. Bc2 Bb6 10. Nbd2 Ne7 11. Re1 Ng6 12. Nf1 Re8 13. Ng3 d5 14. exd5 Bxd5 15. Be3 Nf4 16. d4 Bxf3 17. Qxf3 N4d5 18. Ne4 exd4 19. Bxd4 Bxd4 20. cxd4 c6 21. a3 Qb6 22. Nxf6+ Nxf6 23. Qc3 Rxe1+ 24. Rxe1 Rd8 25. Rd1 Qc7 26. Bb3 Qf4 27. Qe3 Qb8 28. Qe7 Nd5 29. Qe5 Qc8 30. Re1 Nf6 31. Qc5 a6 32. Re7 Nd5 33. Bxd5 Rxd5 34. Qc3 Rd7 35. Qe3 Kf8 36. Rxd7 Qxd7 37. Qe5 f6 38. Qc5+ Kf7 39. Kf1 Qe6 40. Qc3 Qd5 41. b3 Ke7 42. Qb4+ c5 43. Qxc5+ Qxc5 44. dxc5 Kd7 45. Ke2 Kc6 46. b4 Kb5 47. Kd3 Ka4 48. Kc4 Kxa3 49. b5 axb5+ 50. Kxb5 Kb3 51. c6 bxc6+ 52. Kxc6 Kc2 53. Kd6 Kd2 54. Ke6 Ke2 55. f4 Kf2 56. Kf7 h5 57. Kxg7 f5 58. Kg6 Kxg2 59. Kxh5 1-0

[Event "AUT-ch U12"]
[Site "St Veit"]
[Date "2019.06.08"]
[Round "2.4"]
[White "Georgiev, Daniel"]
[Black "Hengl, Philip"]
[Result "1/2-1/2"]
[WhiteElo "1637"]
[BlackElo "1669"]
[PlyCount "70"]
[EventDate "2019.06.08"]
[EventType "swiss"]
[EventRounds "7"]
[EventCountry "AUT"]
[SourceTitle "EXT 2024"]
[Source "ChessBase"]
[SourceDate "2023.10.10"]
[SourceVersion "1"]
[SourceVersionDate "2023.10.10"]
[SourceQuality "1"]

1. e4 e6 2. d4 d5 3. e5 c5 4. c3 Nc6 5. Nf3 Qb6 6. Be2 Nh6 7. 0-0 Nf5 8. g4 Nh6 9. h3 Bd7 10. b3 a5 11. a4 cxd4 12. cxd4 Rc8 13. Na3 Be7 14. Nb5 Ng8 15. Bg5 Bf8 16. Rc1 Na7 17. Rxc8+ Bxc8 18. Qc1 Nc6 19. Nd6+ Bxd6 20. exd6 Bd7 21. Bb5 f6 22. Bf4 g5 23. Bg3 Nh6 24. Nxg5 fxg5 25. Qxg5 Nf7 26. Qe3 Qxd4 27. Bxc6 Qxe3 28. Bxd7+ Kxd7 29. fxe3 Nxd6 30. Bxd6 Kxd6 31. Rf7 b6 32. Kf2 Kc5 33. Rb7 Kc6 34. Re7 Kd6 35. Rb7 Kc6 1/2-1/2

[Event "AUT-ch U12"]
[Site "St Veit"]
[Date "2019.06.08"]
[Round "1.5"]
[White "Wohlgenannt, Nicolas"]
[Black "Georgiev, Daniel"]
[Result "0-1"]
[WhiteElo "1422"]
[BlackElo "1637"]
[PlyCount "68"]
[EventDate "2019.06.08"]
[EventType "swiss"]
[EventRounds "7"]
[EventCountry "AUT"]
[SourceTitle "EXT 2024"]
[Source "ChessBase"]
[SourceDate "2023.10.10"]
[SourceVersion "1"]
[SourceVersionDate "2023.10.10"]
[SourceQuality "1"]

1. e4 c5 2. Nf3 d6 3. d4 cxd4 4. Nxd4 Nf6 5. Nc3 a6 6. f3 e5 7. Nb3 Be6 8. Be3 Be7 9. Qd2 Nbd7 10. 0-0-0 b5 11. g4 b4 12. Ne2 a5 13. Na1 Rb8 14. b3 a4 15. Kb1 Qa5 16. Nc1 0-0 17. Nd3 d5 18. g5 Nh5 19. exd5 Qxd5 20. Ne1 Qa5 21. Nd3 Rfd8 22. Qe1 Nb6 23. Bxb6 Rxb6 24. h4 axb3 25. cxb3 Bf5 26. Kb2 Qa3+ 27. Kb1 Ra6 28. Rh2 Nf4 29. Qxe5 Bxd3+ 30. Bxd3 Rxd3 31. Rxd3 Nxd3 32. Qb8+ Bf8 33. Rc2 Re6 34. Rc8 Qb2# 0-1

[Event "AUT-ch U12"]
[Site "St Kanzian"]
[Date "2018.05.22"]
[Round "7.5"]
[White "Georgiev, Daniel"]
[Black "Wendl, Philipp"]
[Result "1-0"]
[WhiteElo "1537"]
[BlackElo "1432"]
[PlyCount "35"]
[EventDate "2018.05.19"]
[EventType "swiss"]
[EventRounds "7"]
[EventCountry "AUT"]
[SourceTitle "EXT 2024"]
[Source "ChessBase"]
[SourceDate "2023.10.10"]
[SourceVersion "1"]
[SourceVersionDate "2023.10.10"]
[SourceQuality "1"]

1. e4 e5 2. Nf3 Nc6 3. Bc4 Bc5 4. c3 Nf6 5. d3 0-0 6. 0-0 d6 7. h3 a6 8. Bb3 Ba7 9. Re1 Na5 10. Bc2 c5 11. Nbd2 b5 12. Nf1 Nc6 13. Be3 b4 14. c4 a5 15. Ba4 Qc7 16. Ng3 Nd7 17. Nf5 Nb6 18. Bxc6 1-0

[Event "AUT-ch U12"]
[Site "St Kanzian"]
[Date "2018.05.19"]
[Round "2.3"]
[White "Hofstadler, Mario"]
[Black "Georgiev, Daniel"]
[Result "1/2-1/2"]
[WhiteElo "1442"]
[BlackElo "1537"]
[PlyCount "137"]
[EventDate "2018.05.19"]
[EventType "swiss"]
[EventRounds "7"]
[EventCountry "AUT"]
[SourceTitle "EXT 2024"]
[Source "ChessBase"]
[SourceDate "2023.10.10"]
[SourceVersion "1"]
[SourceVersionDate "2023.10.10"]
[SourceQuality "1"]

1. d4 d5 2. Bf4 Nf6 3. e3 c5 4. c3 Nc6 5. Nd2 e6 6. Ngf3 cxd4 7. exd4 Nh5 8. Bg3 g6 9. Bh4 f6 10. Be2 Bd6 11. Bg3 Nxg3 12. hxg3 Qe7 13. Nf1 Bd7 14. Ne3 Kf7 15. Qd2 a6 16. 0-0 Kg7 17. Rfe1 Qf7 18. a3 b5 19. Reb1 Rhb8 20. Ne1 Qe7 21. Nd3 a5 22. b4 a4 23. Nc5 Bxc5 24. dxc5 Bc8 25. Nc2 Ba6 26. Nd4 Nxd4 27. cxd4 Rc8 28. Re1 Rc6 29. Bf3 Qd7 30. Re2 Re8 31. Rae1 Kf7 32. Qa2 Rd8 33. Qd2 Re8 34. Qh6 Kg8 35. Qf4 Kf7 36. Qd2 Bc8 37. Re3 Ba6 38. Qc2 Bb7 39. Qb1 Bc8 40. Qa2 Rd8 41. Be2 Ba6 42. Bd3 Re8 43. Qe2 Rc7 44. Qg4 Rc6 45. Qe2 Rc7 46. Bc2 Bc8 47. Bd3 Ba6 48. Qg4 Rc6 49. Rf3 Qe7 50. Qh4 Kg7 51. Rfe3 f5 52. Qxe7+ Rxe7 53. Re5 Kf6 54. Bb1 g5 55. Bxf5 h6 56. Bb1 Rcc7 57. Kh2 Bb7 58. Bd3 Bc6 59. Kh3 Rc8 60. g4 Rce8 61. Kg3 Rh8 62. Rh1 Kg7 63. Rhe1 Kf6 64. R1e3 Rhe8 65. Re1 Rh8 66. Bc2 Rhe8 67. Rh1 Rh8 68. Rh5 Kg7 69. Rh1 1/2-1/2

[Event "AUT-ch U10"]
[Site "St Kanzian"]
[Date "2017.06.18"]
[Round "7.4"]
[White "Loretz, Jonas"]
[Black "Georgiev, Daniel"]
[Result "0-1"]
[WhiteElo "1222"]
[BlackElo "1509"]
[PlyCount "106"]
[EventDate "2017.06.16"]
[EventType "swiss"]
[EventRounds "7"]
[EventCountry "AUT"]
[SourceTitle "EXT 2024"]
[Source "ChessBase"]
[SourceDate "2023.10.10"]
[SourceVersion "1"]
[SourceVersionDate "2023.10.10"]
[SourceQuality "1"]

1. e4 c6 2. d4 d5 3. exd5 cxd5 4. Nc3 Nf6 5. Nf3 Bg4 6. Be2 e6 7. Bg5 Nc6 8. h3 Bf5 9. Bd3 Bxd3 10. cxd3 Bd6 11. 0-0 0-0 12. Re1 Re8 13. Qe2 h6 14. Bh4 Bb4 15. a3 Bxc3 16. bxc3 Ne7 17. Bxf6 gxf6 18. Nh4 Ng6 19. Nxg6 fxg6 20. Qg4 Kf7 21. Rab1 b6 22. a4 Qc7 23. Rb3 Qc6 24. Ra3 Qd6 25. Rb3 Rac8 26. Rc1 Red8 27. Qg3 Qxg3 28. fxg3 Rd7 29. Kf2 Rdc7 30. Kf3 e5 31. Ke2 exd4 32. Kd2 dxc3+ 33. Rbxc3 Rxc3 34. Rxc3 Rxc3 35. Kxc3 Ke6 36. Kb4 Ke5 37. Kc3 Kd6 38. Kb4 Kc6 39. d4 a5+ 40. Kb3 b5 41. h4 b4 42. g4 Kd6 43. g3 Ke6 44. Kc2 f5 45. g5 hxg5 46. hxg5 f4 47. gxf4 Kf5 48. Kb3 Kxf4 49. Kb2 Ke3 50. Kc2 Kxd4 51. Kb3 Kd3 52. Kb2 d4 53. Kc1 Ke2 0-1

[Event "AUT-ch U10"]
[Site "St Kanzian"]
[Date "2017.06.16"]
[Round "3.4"]
[White "Nowakowski, Paul"]
[Black "Georgiev, Daniel"]
[Result "0-1"]
[WhiteElo "1001"]
[BlackElo "1509"]
[PlyCount "80"]
[EventDate "2017.06.16"]
[EventType "swiss"]
[EventRounds "7"]
[EventCountry "AUT"]
[SourceTitle "EXT 2024"]
[Source "ChessBase"]
[SourceDate "2023.10.10"]
[SourceVersion "1"]
[SourceVersionDate "2023.10.10"]
[SourceQuality "1"]

1. e4 c5 2. Nc3 d6 3. Nf3 Nc6 4. Bb5 Bd7 5. d3 Nf6 6. Bg5 e6 7. 0-0 h6 8. Bh4 a6 9. Ba4 b5 10. Bb3 Be7 11. a4 b4 12. Na2 0-0 13. c3 a5 14. c4 e5 15. Nc1 Bg4 16. h3 Bxf3 17. Qxf3 Nd4 18. Qe3 Nd5 19. Bxe7 Nxe3 20. Bxd8 Nxf1 21. Kxf1 Raxd8 22. Ba2 b3 23. Nxb3 Nxb3 24. Bxb3 Rb8 25. Ra3 Rb4 26. Ke2 Rfb8 27. Ba2 Rxb2+ 28. Kf1 Rd2 29. Ke1 Rbb2 30. Rc3 Rxa2 31. Rb3 Rxf2 32. Rb8+ Kh7 33. Rb6 Rxg2 34. Kf1 Rgc2 35. Rb1 Rxa4 36. h4 Rb4 37. Ra1 a4 38. Ke1 a3 39. Kd1 Rh2 40. Rxa3 Rb1# 0-1

[Event "AUT-ch U12"]
[Site "St Veit"]
[Date "2017.06.03"]
[Round "2.9"]
[White "Elsaesser, Daniel"]
[Black "Georgiev, Daniel"]
[Result "1/2-1/2"]
[WhiteElo "1380"]
[BlackElo "1594"]
[PlyCount "74"]
[EventDate "2017.06.03"]
[EventType "swiss"]
[EventRounds "7"]
[EventCountry "AUT"]
[SourceTitle "EXT 2024"]
[Source "ChessBase"]
[SourceDate "2023.10.10"]
[SourceVersion "1"]
[SourceVersionDate "2023.10.10"]
[SourceQuality "1"]

1. e4 c5 2. Nc3 d6 3. f4 Nc6 4. Bb5 e6 5. Nf3 a6 6. Bxc6+ bxc6 7. d3 Be7 8. 0-0 d5 9. e5 Nh6 10. Qe1 0-0 11. Qf2 f6 12. Na4 fxe5 13. Nxe5 Qd6 14. b3 Bf6 15. Bb2 Nf7 16. Nxf7 Rxf7 17. Bxf6 Rxf6 18. Qxc5 Qxc5+ 19. Nxc5 Kf8 20. Rad1 Ke7 21. c4 Kd6 22. Na4 c5 23. d4 cxd4 24. Rxd4 Bb7 25. Nb6 Kc5 26. Nxa8 Kxd4 27. Nb6 Ke3 28. g3 d4 29. Na4 d3 30. Nb2 Bf3 31. Re1+ Be2 32. Nxd3 Kxd3 33. Kf2 Bh5 34. Re5 Rf5 35. Rxe6 Ra5 36. Re3+ Kd4 37. a4 Rc5 1/2-1/2

[Event "AUT-ch U10"]
[Site "St Veit"]
[Date "2016.05.27"]
[Round "3.1"]
[White "Kienboeck, Benjamin"]
[Black "Georgiev, Daniel"]
[Result "1-0"]
[WhiteElo "1434"]
[BlackElo "1336"]
[PlyCount "101"]
[EventDate "2016.05.27"]
[EventType "swiss"]
[EventRounds "7"]
[EventCountry "AUT"]
[SourceTitle "EXT 2024"]
[Source "ChessBase"]
[SourceDate "2023.10.10"]
[SourceVersion "1"]
[SourceVersionDate "2023.10.10"]
[SourceQuality "1"]

1. e4 c5 2. Nf3 d6 3. d4 cxd4 4. Nxd4 Nf6 5. Nc3 a6 6. f3 e5 7. Nb3 Be6 8. Be3 Be7 9. Qd2 0-0 10. 0-0-0 Nc6 11. Bg5 Ne8 12. Bxe7 Qxe7 13. Nd5 Bxd5 14. exd5 Na7 15. Re1 Nf6 16. f4 Rfd8 17. Kb1 Rac8 18. Qe3 b5 19. fxe5 dxe5 20. Qxe5 Qxe5 21. Rxe5 Rxd5 22. Re1 Rcd8 23. Bd3 Nc6 24. a3 Re5 25. Nd2 Rde8 26. Nf3 Rxe1+ 27. Rxe1 Rxe1+ 28. Nxe1 Kf8 29. a4 bxa4 30. Bxa6 Na7 31. Ka2 Nd5 32. Ka3 Nc7 33. Be2 Nab5+ 34. Bxb5 Nxb5+ 35. Kxa4 Nd6 36. b4 Ke8 37. b5 Kd7 38. Kb4 Kc7 39. c4 Ne4 40. Nd3 Kb6 41. c5+ Kb7 42. Kc4 Nd2+ 43. Kc3 Nb1+ 44. Kd4 Na3 45. b6 Nb5+ 46. Kd5 Nc3+ 47. Kd6 f6 48. Ke7 Ne4 49. Kf7 g5 50. Ke6 h5 51. Kf5 1-0

[Event "AUT-ch U08"]
[Site "Woerth"]
[Date "2015.06.07"]
[Round "7.1"]
[White "Gschiel, Alexander"]
[Black "Georgiev, Daniel"]
[Result "1-0"]
[WhiteElo "917"]
[BlackElo "1078"]
[PlyCount "41"]
[EventDate "2015.06.05"]
[EventType "swiss"]
[EventRounds "7"]
[EventCountry "AUT"]
[SourceTitle "EXT 2024"]
[Source "ChessBase"]
[SourceDate "2023.10.10"]
[SourceVersion "1"]
[SourceVersionDate "2023.10.10"]
[SourceQuality "1"]

1. e4 c5 2. Nc3 Nc6 3. Nf3 d6 4. Bc4 Nf6 5. d3 g6 6. Bf4 Bg7 7. 0-0 0-0 8. Re1 Bg4 9. h3 Bxf3 10. Qxf3 Nd7 11. Rad1 Nd4 12. Qg3 Nxc2 13. Re2 Nd4 14. Red2 Rc8 15. Nd5 e5 16. Bg5 f6 17. Nxf6+ Kh8 18. Nxh7 Nf6 19. Nxf6 Bxf6 20. Qh4+ Kg7 21. Qh6# 1-0

[Event "AUT-ch U08"]
[Site "Woerth"]
[Date "2015.06.05"]
[Round "2.1"]
[White "Strobl, Philipp"]
[Black "Georgiev, Daniel"]
[Result "1-0"]
[WhiteElo "920"]
[BlackElo "1078"]
[PlyCount "23"]
[EventDate "2015.06.05"]
[EventType "swiss"]
[EventRounds "7"]
[EventCountry "AUT"]
[SourceTitle "EXT 2024"]
[Source "ChessBase"]
[SourceDate "2023.10.10"]
[SourceVersion "1"]
[SourceVersionDate "2023.10.10"]
[SourceQuality "1"]

1. e4 c5 2. Nc3 d6 3. Bb5+ Bd7 4. Bxd7+ Qxd7 5. Nf3 Nf6 6. d3 g6 7. e5 dxe5 8. Nxe5 Qd6 9. Bf4 Qd4 10. Qf3 Bg7 11. Qxb7 Qxf4 12. Qc8# 1-0

[Event "AUT-ch U08"]
[Site "Velden"]
[Date "2014.06.21"]
[Round "5"]
[White "Georgiev, Daniel"]
[Black "Trevisi, Aron"]
[Result "1-0"]
[WhiteElo "801"]
[BlackElo "823"]
[PlyCount "95"]
[EventDate "2014.06.20"]
[EventType "swiss"]
[EventRounds "7"]
[EventCountry "AUT"]
[SourceTitle "EXT 2016"]
[Source "ChessBase"]
[SourceDate "2015.10.08"]
[SourceVersion "1"]
[SourceVersionDate "2015.10.08"]
[SourceQuality "1"]

1. d4 d5 2. Nf3 Nf6 3. Bf4 e6 4. e3 Nc6 5. Bd3 Bb4+ 6. Nbd2 Be7 7. 0-0 0-0 8. Ne5 Nxe5 9. dxe5 Nh5 10. Qxh5 g6 11. Nf3 gxh5 12. Bh6 Re8 13. e4 dxe4 14. Bxe4 Bd7 15. Bd3 a6 16. Nd4 Bc6 17. Rfe1 Qxd4 18. Rab1 Qxe5 19. Rxe5 Bf6 20. Re3 Bd4 21. Rg3+ Kh8 22. c3 Be5 23. f4 Bf6 24. Re1 e5 25. fxe5 Bxe5 26. Be4 Bxg3 27. hxg3 Bxe4 28. Rf1 Bd3 29. Rxf7 Bc4 30. Rg7 Re1+ 31. Kh2 Re2 32. b4 Rxa2 33. Rxc7 Bd5 34. Rc5 Rxg2+ 35. Kh3 Bc6 36. Be3 Re8 37. Bf4 Re1 38. Kh4 Bd7 39. Kxh5 Be8+ 40. Kg5 Rh1 41. Be3 h6+ 42. Kf6 Re2 43. Re5 Bd7 44. Ke7 Rd2 45. Bd4 Bg4 46. Kf7 h5 47. Re8+ Kh7 48. Rh8# 1-0